000 00298nam a2200109Ia 4500
005 20251222144757.0
008 251222s9999||||xx |||||||||||||| ||spa||
082 _a338.209.85/S64
245 0 _aPerú Mineroenergético:
264 _bSociedad Nacional de Minería, Petróleo y Energía
942 _cLIB
999 _c19588
_d19588